Red Dwarf Characters - Statistics

General Stats
  • This quiz has been taken 303 times
  • The average score is 14 of 87
Answer Stats
Main Characters % Correct
Dave Lister
100%
The Cat
100%
Arnold J Rimmer
99%
Kryten
97%
Holly
93%
Kristine Kochanski
83%
Ace Rimmer
69%
The Skutters
61%
Olaf Petersen
59%
Captain Frank Hollister
48%
Duane Dibley
47%
Hilly
38%
The Dog
32%
Queeg 500
27%
Talkie Toaster
26%
Chen
25%
Legion
25%
Selby
21%
Arlene Rimmer
17%
Deb Lister
17%
Cassandra
16%
Confidence
16%
Paranoia
16%
Kill Crazy
15%
Vending Machine
14%
Inquisitor
11%
Rimmer's Mum
11%
Howard Rimmer
10%
Jesus
10%
Prison Governor Ackerman
10%
The Cat Priest
10%
Rimmer's Dad
9%
Simulant
8%
Baxter
7%
Mr. Flibble
7%
Frank Todhunter
6%
George McIntyre
6%
Nirvanah Crane
5%
GELF Bride
4%
Pree
4%
Professor Mamet
4%
Warden Knot
4%
Caligula
3%
Epideme
3%
GELF Chief
3%
Hudzen-10
3%
Katerina Bartikovsky
3%
King of Camelot
3%
Medi-Bot
3%
Queen of Camelot
3%
Taiwan Tony
3%
The Chocolate Dispenser
3%
The Revolving Toilet
3%
Captain Tau
2%
Dispensing Machine
2%
Dominator Zlurth
2%
Food Machine
2%
Hector Blob
2%
Lift Hostess
2%
Suitcase
2%
Bodyguard
1%
Compere
1%
Dr Hildegarde Lanstrom
1%
Erin
1%
Hogey the Roguey
1%
Lecturer Rimmer
1%
Night Club Owner
1%
Noddy
1%
Psychopathic Simulant
1%
Sabrina Mulholland-Jjones
1%
Sim Crawford
1%
Swallow
1%
The Creator
1%
The Guide
1%
Trout a la Creme/Chef
1%
Android Actor
0%
Andy the Technician
0%
BEGG Chief
0%
Blaize Falconberger
0%
Captain Voorhese
0%
Chancellor Tuesday
0%
Chancellor Wednesday
0%
Cockpit Computer
0%
Commander Binks
0%
Doc Newton
0%
Facist Policeman
0%
Restaurant Ad
0%
No matching quizzes found
Score Distribution
Percent of People with Each Score
Percentile by Number Answered
Your Score History
You have not taken this quiz